000 00458pab a2200181 454500
008 180718b2013 xxu||||| |||| 00| 0 eng d
100 _aOliva, Jaime
245 _aRenewal of democracy in Brazils protests
260 _c2013
300 _ap.12-14.
362 _a27 Jul
650 _aProtest movements - Brazil
650 _aProtest movements
700 _aKhoury, Aline
773 _aEconomic and Political Weekly
908 _aN
909 _a101340
999 _c101338
_d101338